Kursus lengkap WORDSTAR 4.0,5.0,6.0,7.0

Bibliographic Details
Main Author: Goh, Patrick
Format: Book
Published: Petaling Jaya : Pustaka Timur , 1993
Subjects:

MARC

LEADER 00000cam a2200000 7i4500
001 0000004330
002 000004652
005 20000330.0
020 |a T000000352 
090 0 0 |a 652.5   |b GOH 
100 1 |a Goh, Patrick 
245 1 0 |a Kursus lengkap WORDSTAR 4.0,5.0,6.0,7.0   |c Patrick Goh 
260 |a Petaling Jaya :   |b Pustaka Timur ,   |c 1993 
300 |a 250p. ;   |c 21cm. 
650 0 0 |a WordStar(Computer program) 
999 |a 037377   |b BUKU   |c PINJAMAN   |e PERPUSTAKAAN KOMUNITI PETALING JAYA